000 01556cam a22004337a 4500
003 CHAP
005 20220817043423.0
008 980313d1995 mx a r 00010 spa d
010 _a74936
011 _a75908
035 _a85481
040 _cCHAP
090 _aFolleto 14929
100 0 0 _aGonzález Sánchez, Alejandro.
_949413
245 1 0 _aFlores de Xalapa y sus alrededores :
_b(un manual)
_c/por Alejandro González Sánchez
260 _aVeracruz, Ver. :
_bInstituto Veracruzano de Cultura,
_c1995.
300 _a67 p. :
_bilus.
410 _aInstituto Veracruzano de Cultura
490 0 _aCuadernos de cultura popular
500 _ac.4 en bodega
590 _aBATCH-UPD
_b10
_c20130110
_lUCH01
_h0344
590 _aBATCH-UPD
_b10
_c20130110
_lUCH01
_h1842
590 _aBATCH-UPD
_b10
_c20130410
_lUCH01
_h0017
590 _aBATCH-UPD
_b10
_c20130914
_lUCH01
_h0736
590 _aCONVERSION
_b10
_c20130109
_lUCH01
_h1341
650 1 4 _aBotánica
_xVeracruz.
_914633
650 1 4 _aFlores
_xManuales.
_941385
650 1 4 _aFlores
_xVeracruz.
_941412
650 1 4 _aPlantas ornamentales.
810 0 0 _aInstituto Veracruzano de Cultura
_959474
830 0 0 _aCuadernos de cultura popular
_929760
901 _aBK
905 _aAlejandra Carrasco M.
942 _cFOLL
949 _aFolleto 14929
_bBC
_cFOLL
_d33724002176454
_eTS2
_fc. 4
_i85481
_sb
949 _aFolleto 14929
_bBC
_cFOLL
_d33724002176496
_eTS2
_fc.3
_i85481
_sb
949 _aFolleto 14929
_bBC
_cFOLL
_d854811
_eTS1
_i85481
_sb
949 _aFolleto 14929
_bBC
_cFOLL
_d854812
_eTS2
_fc.2
_i85481
_sb
999 _c74936
_d74936